000 00235nam a2200097Ia 4500
001 727553
005 20250826163451.0
008 250824s9999 xx 000 0 und d
245 0 _aGÖLGE CANAVARLAR
_cAYŞE YAMAÇ
260 _bBU YAYINEVİ
999 _c727553
_d727553